000 03453cam a2200373Li 4500
001 102731
005 20230410123446.0
008 060912s2005 nju f 001 0 eng d
040 _aZWZ
_encafnor
_bfre
_cZWZ
020 _a0805849254 (cloth : alk. paper)
020 _a9780805849257 (cloth : alk. paper)
043 _an-us---
050 1 4 _aKF 4770
_bD313 2005
082 0 _a342.730853
245 0 0 _aDefending the First : commentary on the First Amendment issues and cases /
_cedited by Joseph Russomanno,.
260 _aMahwah, N.J. :
_bL. Erlbaum,
_c2005.
300 _a1 vol. (XVI-212 p.) ;
_c24 cm.
504 _aNotas Bibliográficas. Índice.
520 _aThis book provides a collection of new perspectives on the First Amendment in legal and communication contexts. Editor Joseph Russomanno brings together a roster of major figures who have participated in the shaping of First Amendment law over the past 30 years. Readers are taken into a realm of personal experience and analysis through the stories of these attorneys at the forefront of the battle to defend the "First." The contributors to this volume--all of whom have argued cases before the Supreme Court--tell about their experiences appearing before the highest court in the United States. Some write many years after being there, while others offer insights from a more recent vantage point. One Supreme Court Attorney offers a historical analysis of a case replete with a variety of First Amendment issues. This work contributes to a deeper understanding of First Amendment issues and the types of expression that the First Amendment protects, and why these rights must be protected. In addition, it provides readers with the unique perspective of those who have been on the front lines of some of the most important and influential cases in this era. The challenges of presenting an argument in this venue become clear, and it is evident that understanding one's own case, its lineage, and its likely impact all become part of the formula for success.
505 0 _a1. Creating a new first amendment right: Miami Herald Publishing Co. v. Tornillo and the story of access to the media / Jerome A. Barron -- 2. Whose first amendment? Cohen v. Cowles Media Co. / Elliot C. Rothenberg -- 3. Freedom of speech: a casualty of war / Dan Johnson -- 4. The "miracle" of Burstyn v. Wilson / Marjorie Heins -- 5. Suppressing hateful ideas by force of law: reflections on R.A.V. v. St. Paul and Virginia v. Black / Edward J. Cleary -- 6. Anatomy of an oral argument / Rodney A. Smolla -- 7. A first amendment life / Bruce S. Rogow -- 8. The first amendment in the age of the internet: the U.S. supreme court takes on the challenge of a new communication medium / Paul M. Smith -- 9. The past, present, and future of internet censorship and free speech advocacy / John B. Morris, Jr.
600 1 0 _aUnited States.
_tConstitution.
_2lc
650 4 _aPrimera Jornada de Catalogacion.
650 4 _aLibertad de palabra
_zEstados Unidos.
650 4 _aLibertad de prensa
_zEstados Unidos.
650 0 _aFreedom of speech
_zUnited States.
650 0 _aFreedom of the press
_zUnited States.
650 7 _aLiberte d'expression
_zEtats-Unis.
650 7 _aLiberte de la presse
_zEtats-Unis.
651 7 _aEtats-Unis
_xConstitution
_xAmendements (01er)
700 1 _aRussomanno, Joseph.
_eâEditeur scientifique.
942 _2lcc
_cbk
994 _aC0
_bDRFGD
946 _anc
999 _c61840
_d61840